Marketing research (Record no. 82671)

MARC details
000 -LEADER
fixed length control field 01074nam a2200205 a 4500
008 - FIXED-LENGTH DATA ELEMENTS--GENERAL INFORMATION
fixed length control field 060316s1982 ||||||||||||||||| || u
020 ## - INTERNATIONAL STANDARD BOOK NUMBER
International Standard Book Number 0256024375
050 ## - LIBRARY OF CONGRESS CALL NUMBER
Classification number HF 5415.2 Pet
100 ## - MAIN ENTRY--PERSONAL NAME
Personal name Peterson, Robert A
245 10 - TITLE STATEMENT
Title Marketing research
260 ## - PUBLICATION, DISTRIBUTION, ETC.
Place of publication, distribution, etc. Plano, Tex. :
Name of publisher, distributor, etc. Business Publications
Date of publication, distribution, etc. 1982
300 ## - PHYSICAL DESCRIPTION
Extent xvi, 679 p. : ill.
350 ## -
-- 0.00
500 ## - GENERAL NOTE
General note Includes bibliographies
650 #0 - SUBJECT ADDED ENTRY--TOPICAL TERM
Topical term or geographic name entry element MARKETING RESEARCH
995 ## -
-- ANNEX COLLECTION (Main Library)
-- 0.00
-- 711330
-- CBU-MAIN LIBRARY (Kitwe)
-- 2
-- 40.00
-- HF 5415.2 Pet
-- AVAILABLE
-- 005697
-- Annex Low-Usage Collection
995 ## -
-- MAIN LIBRARY OPEN ACCESS
-- 0.00
-- 713150
-- CBU-MAIN LIBRARY (Kitwe)
-- 4
-- 40.00
-- HF 5415.2 Pet
-- 1
-- AVAILABLE
-- 005695
-- Main Library Open Access Collection
995 ## -
-- MAIN LIBRARY OPEN ACCESS
-- 0.00
-- 005696
-- CBU-MAIN LIBRARY (Kitwe)
-- 1
-- 40.00
-- HF 5415.2 Pet
-- AVAILABLE
-- 005696
-- Main Library Open Access Collection
995 ## -
-- ANNEX COLLECTION (Main Library)
-- 0.00
-- 711329
-- CBU-MAIN LIBRARY (Kitwe)
-- 3
-- 40.00
-- HF 5415.2 Pet
-- AVAILABLE
-- 005694
-- Annex Low-Usage Collection
999 ## -
-- 82671
-- 82671
Holdings
Withdrawn status Lost status Source of classification or shelving scheme Damaged status Not for loan Permanent Location Current Location Shelving location Date acquired Total Checkouts Full call number Barcode Date last seen Copy number Price effective from Koha item type Date last checked out
          CBU-MAIN LIBRARY, KITWE. CBU-MAIN LIBRARY, KITWE.   09/29/2023   HF 5415.2 Pet 005697 09/29/2023 1 09/29/2023 MONOGRAPH  
          CBU-MAIN LIBRARY, KITWE. CBU-MAIN LIBRARY, KITWE.   09/29/2023   HF 5415.2 Pet 005695 09/29/2023 2 09/29/2023 MONOGRAPH  
          CBU-MAIN LIBRARY, KITWE. CBU-MAIN LIBRARY, KITWE.   09/29/2023 1 HF 5415.2 Pet 005696 12/02/2024 3 09/29/2023 MONOGRAPH 11/25/2024
          CBU-MAIN LIBRARY, KITWE. CBU-MAIN LIBRARY, KITWE.   09/29/2023   HF 5415.2 Pet 005694 09/29/2023 4 09/29/2023 MONOGRAPH